| 000 | 00415nam a2200193Ia 4500 | ||
|---|---|---|---|
| 005 | 20240823050439.0 | ||
| 008 | 240823s9999||||xx |||||||||||||| ||und|| | ||
| 020 | _a0-7069-9431-0 | ||
| 041 | _aENGLISH | ||
| 082 | _A823 Q1 | ||
| 100 | _a"Wells,H.G" | ||
| 245 | 4 | _aThe Invisible Man | |
| 250 | _aIst | ||
| 260 |
_c2011 _bRupa |
||
| 500 | _aYES | ||
| 650 |
_aStory _bEnglish |
||
| 942 | _cBK | ||
| 999 |
_c217274 _d217274 |
||